000 00456nam a2200157Ia 4500
005 20260121165314.0
008 260121s9999 xx 000 0 und d
041 _amar
082 _a155.2
100 _aमेहंदळे,वसुधा
245 _aतेजस्विनी
250 _a1
260 _bभारतीय विचार साधना पुणे
_c2024
300 _a96
650 _aमराठी साहित्य
999 _c370007
_d370007